MDQL
is popping MORE tags! Check the
thread
!
Quizzes
Events
Quiz Creation
Community
Videos
Private Events
Remove Ads
Sign In
Join for FREE
Feedback
Dark Mode
Quiz Categories
Sports
Geography
Music
Movies
Television
Just For Fun
Miscellaneous
History
Literature
Language
Science
Gaming
Entertainment
Religion
Holiday
For Kids
Quiz Lab
Recent
Popular Today
Quiz Kudos Today
Editor Picks
Curator Picks
Quizzes by...
Day
Popularity
Type
Ratings
Length
Year
Community
Subscriptions
Recent Discussions
Orange Saloon
Badges
Playlists
Quests
Create
Leaderboards
Showdown
Live 5
Trivia Bingo
Activity
Puzzle Library
Sporcle Events
Private Events
Virtual Trivia
Globe League
Become a Host
Pub Owners
SporcleCon
Opinionation
Our Games
Videos
Blog
Mobile Apps
Partnerships
Remove Ads and Go Orange
Feedback
Literature
Harry Potter
A Song of Ice and Fire
The Hunger Games
Literary Character
Shakespeare
Book
Author
Novel
Poem
Young Adult
Children's Books
Play
Lord of the Rings
Literature
Harry Potter
A Song of Ice and Fire
The Hunger Games
Literary Character
Shakespeare
Book
Author
Novel
Poem
Young Adult
Children's Books
Play
Lord of the Rings
Random Quiz
Search Sporcle
×
Quiz Lab
Quiz Lab
Literature
subject
Type in answers that appear in a list
Type in answers that appear in a list
Classic
Best Score? Go Orange.
Hogwarts Teachers Stats
Can you name the Hogwarts Staff?
By
DanielArberry
10m
24 Questions
53 Plays
53 Plays
53 Plays
Comments
Comments
Give Quiz Kudos
Give Quiz Kudos
-
- Ratings
hide this ad
Replay
Link that replays current quiz
Next Quiz
Link to next quiz in quiz playlist
You Got
0%
They Got
Avg Score
91%
Avg Friend Score
Upgrade to see
Score Distribution
Jump to the score distribution portion of the page
Score
0/24
Timer
10:00
0
Plays Today
Subject
Name(Surname)
% Correct
Defence Against the Dark Arts
Professor Severus Snape
100%
Potions
Professor Severus Snape
100%
Care of Magical Creatures
Professor Rubeus Hagrid
98.1%
Defence Against the Dark Arts
Professor Alastor(Mad-Eye) Moody
98.1%
Defence Against the Dark Arts
Professor Quirinus Quirrell
98.1%
Defence Against the Dark Arts
Professor Remus Lupin
98.1%
Herbology
Professor Pomona Sprout
98.1%
Dark Arts
Professor Amycus Carrow
96.2%
Defence Against the Dark Arts
Professor Dolores Umbridge
96.2%
Defence Against the Dark Arts
Professor Gilderoy Lockhart
96.2%
Divination
Firenze
96.2%
Transfiguration
Professor Minerva Mcgonagall
96.2%
Subject
Name(Surname)
% Correct
Charms
Professor Filius Flitwick
94.3%
Divination
Professor Sybill Trelawney
94.3%
History of Magic
Professor Cuthbert Binns
94.3%
Muggle Studies
Professor Alecto Carrow
94.3%
Potions
Professor Horace Slughorn
94.3%
Flying
Professor Rolanda Hooch
92.5%
Care of Magical Creatures
Professor Wilhelmina Grubbly-Plank
90.6%
Muggle Studies
Professor Charity Burbage
86.8%
Arithmancy
Professor Septima Vector
84.9%
Astronomy
Professor Aurora Sinistra
83%
Care of Magical Creatures
Professor Silvanus Kettleburn
66%
Ancient Runes
Professor Bathsheda Babbling
62.3%
Quiz Playlist
Details
Report
Send in Message
Add To Playlist
Classic:
Type in answers that appear in a list
Last Updated: Feb 16, 2017
Quiz Scoreboard
CHALLENGE
Sign Up to Join the Scoreboard
Show All
Scores
Hide
Comments
May contain spoilers
Recently Published
1-10 Letter E Words III
by El_Dandy
Language
2m
Street Fighter Characters
by Artimus82
Gaming
60s
College Basketball Coaching Resumes
by pancakes188
Sports
9m
More to Explore
Quiz From the Vault
Featured Blog Post
Where Did the Easter Bunny Come From?
hide this ad
You Might Also Like...
Tags
staff
subject
Surname
Today's Top Quizzes in Literature
Browse Literature
hide this ad
Today's Top Quizzes in subject
Browse subject
Top Contributed Quizzes in Literature
1
Sneaky Slytherin Logic Puzzle
2
Get The Picture: Black or White Literature
3
5-to-1: Plays
4
A Court of Thorns and Roses (ACoTaR) Logic Puzzle
5
One Thing in Common: Literature
6
One Thing in Common: Literature II
7
One Thing in Common: Books
8
One Thing in Common: Literature 3
9
'Middle' Earth
10
Harry Potter Neighbourly Logic Puzzle #1
Explore More
Trending Topics
Anime
Kpop
Crossword
Harry Potter
NBA
Marvel
Disney
Pokémon
NFL
Puzzle
WWE
Song
Soccer
Country
The Office
hide this ad
More By:
DanielArberry
Quiz
Plays
Rating
Category
Featured
Created
Harry Potter Bunker (Hard)
16,273
3.58
Literature
Sep 5, 2012
Harry Potter Bunker 2
12,386
3.47
Literature
Nov 2, 2012
Harry Potter Bunker 3
3,568
3.50
Literature
Jun 20, 2013
Harry Potter Name Chain 100 Characters
350
3.00
Just For Fun
Sep 14, 2014
Harry Potter Name Chain 2
270
3.75
Literature
Dec 18, 2011
Go to Creator's Profile
Score Distribution
Quiz Creator Spotlight
DanielArberry
Follow
Send a Message
Quizzes Created
-
Created Quiz Play Count
-
More By This Creator
Popular Quizzes Today
1
Find the US States - No Outlines Minefield
2
Find the Countries of Europe - No Outlines Minefield
3
The Countries of the World
4
Find the US States
5
Risky Map Clicking: Biggest States A-Z
6
US States
7
Popular People in 1961
8
Movies - When Are They Set?
More Literature Quizzes
1980s Novel Best Sellers
Published
Trending Quizzes
Risky Map Clicking: Least Populous States A-Z
Billboard Blitz: Aretha Franklin
Famous Russians: Author or Composer?
Countries of the World: 200 Million BC
1-10 Letter G Words
Recently Updated
Leaping Animals
pecheneg
Reality TV Shows (A-Z)
bhenderson79
Rickey Henderson's Hall of Fame Teammates
pecheneg
Champions League XIs: Arsenal
pecheneg
Quick Pick: Celebrities in WWE's Hall of Fame
aduchscher
A-Z Keypad Blitz II
pecheneg
Multiple Oscar Actors
pecheneg
Mystery Phrase Blitz: Oscar 'Best Actors'
pecheneg
F. Scott Fitzgerald Novels
LTH
Pick 3 Villains
ddd62291
Trending Topics
Harry Potter
Disney
NBA
Anime
Crossword
Marvel
Kpop
Puzzle
Soccer
WWE
Song
The Office
Country
NFL
Pokémon
Your Account Isn't Verified!
In order to create a playlist on Sporcle, you need to verify the email address you used during registration. Go to your
Sporcle Settings
to finish the process.
Report this User
Report this user for behavior that violates our
Community Guidelines
.
Details:
Send Report
Go to the Sporcle.com Mobile Site →
Comments